000 00587nam a2200229Ia 4500
003 OSt
005 20220928151243.0
006 a|||||r|||| 00| 0
007 ta
008 220927b |||||||| |||| 00| 0 eng d
024 _a121921
037 _cTextual
040 _aSDCL
_cSDCL
_beng
041 _2eng
_aeng
082 _aB43p1,N80, M1
100 _aFadell E Ed.
_9516573
245 0 _aFixed point theory.
260 _c1981
700 _a Fournier G Ed.
_9516574
942 _hB43p1,N80, M1
_cTEXL
_2CC
999 _c850428
_d850428